Online katalóg knižníc regiónu Turca

Atentát na nežnú revolúciu (Record no. 21287)

MARC details
000 -LEADER
fixed length control field 02244cam a2200649 4500
001 - CONTROL NUMBER
control field 21287
003 - CONTROL NUMBER IDENTIFIER
control field VRT
005 - DATE AND TIME OF LATEST TRANSACTION
control field 20260226091857.0
008 - FIXED-LENGTH DATA ELEMENTS--GENERAL INFORMATION
fixed length control field 210624s2019 xo o gr 001 0 slo
015 ## - NATIONAL BIBLIOGRAPHY NUMBER
National bibliography number SNBA2020/02
020 ## - INTERNATIONAL STANDARD BOOK NUMBER
International Standard Book Number 9788055169897
Qualifying information (viazané)
035 ## - SYSTEM CONTROL NUMBER
System control number urn:nbn:sk:snk-am00edir
035 ## - SYSTEM CONTROL NUMBER
System control number urn:nbn:sk:snk-am3igtt
035 ## - SYSTEM CONTROL NUMBER
System control number 1362435D-0D38-4D32-B403-FEE7EDB3ECEF
039 #9 - LEVEL OF BIBLIOGRAPHIC CONTROL AND CODING DETAIL [OBSOLETE]
Level of rules in bibliographic description 202106241150
Level of effort used to assign nonsubject heading access points VLOAD
Level of effort used to assign subject headings 202102090836
Level of effort used to assign classification VLOAD
Level of effort used to assign subject headings 202102081054
Level of effort used to assign classification VLOAD
Level of effort used to assign subject headings 202002101009
Level of effort used to assign classification AUTHORITY
040 ## - CATALOGING SOURCE
Original cataloging agency SVKBB
Language of cataloging slo
Transcribing agency SVKBB
Modifying agency SNK
Description conventions rda
041 0# - LANGUAGE CODE
Language code of text/sound track or separate title slo
043 ## - GEOGRAPHIC AREA CODE
Geographic area code e-xo---
044 ## - COUNTRY OF PUBLISHING/PRODUCING ENTITY CODE
MARC country code xo
ISO country code SK
072 #7 - SUBJECT CATEGORY CODE
Subject category code 94(437)
Subject category code subdivision Dejiny Československa
Source konspekt
080 ## - UNIVERSAL DECIMAL CLASSIFICATION NUMBER
Universal Decimal Classification number 94(437)"1989"
Edition identifier 2011
080 ## - UNIVERSAL DECIMAL CLASSIFICATION NUMBER
Universal Decimal Classification number 321.7:316.42
Edition identifier 2011
080 ## - UNIVERSAL DECIMAL CLASSIFICATION NUMBER
Universal Decimal Classification number 323
Edition identifier 2011
080 ## - UNIVERSAL DECIMAL CLASSIFICATION NUMBER
Universal Decimal Classification number (437.6)
Edition identifier 2011
080 ## - UNIVERSAL DECIMAL CLASSIFICATION NUMBER
Universal Decimal Classification number (0:82-94)
Edition identifier 2011
080 ## - UNIVERSAL DECIMAL CLASSIFICATION NUMBER
Universal Decimal Classification number (048.8)
Edition identifier 2011
100 1# - MAIN ENTRY--PERSONAL NAME
Personal name Ondruš, Vladimír,
Dates associated with a name 1942 máj 23.-
Relationship aut
245 10 - TITLE STATEMENT
Title Atentát na nežnú revolúciu
Statement of responsibility, etc. Vladimír Ondruš
250 ## - EDITION STATEMENT
Edition statement Druhé vydanie
264 #1 - PRODUCTION, PUBLICATION, DISTRIBUTION, MANUFACTURE, AND COPYRIGHT NOTICE
Place of production, publication, distribution, manufacture Bratislava
Name of producer, publisher, distributor, manufacturer Ikar
Date of production, publication, distribution, manufacture, or copyright notice 2019
300 ## - PHYSICAL DESCRIPTION
Extent 303 strán
Other physical details fotografie
Dimensions 22 cm
336 ## - CONTENT TYPE
Content type term text
Content type code txt
Source rdacontent
337 ## - MEDIA TYPE
Media type term bez média
Media type code n
Source rdamedia
338 ## - CARRIER TYPE
Carrier type term zväzok
Carrier type code nc
Source rdacarrier
500 ## - GENERAL NOTE
General note Obsahuje biografické údaje o autorovi na záložke prebalu publikácie
504 ## - BIBLIOGRAPHY, ETC. NOTE
Bibliography, etc. note Obsahuje register
650 07 - SUBJECT ADDED ENTRY--TOPICAL TERM
Topical term or geographic name entry element Nežná revolúcia (1989 : Československo)
Source of heading or term SNKPH
650 07 - SUBJECT ADDED ENTRY--TOPICAL TERM
Topical term or geographic name entry element demokratizácia
Source of heading or term SNKPH
650 07 - SUBJECT ADDED ENTRY--TOPICAL TERM
Topical term or geographic name entry element Velvet revolution, 1989
Source of heading or term SNKPHeng
650 07 - SUBJECT ADDED ENTRY--TOPICAL TERM
Topical term or geographic name entry element Democratization
Source of heading or term SNKPHeng
650 07 - SUBJECT ADDED ENTRY--TOPICAL TERM
Topical term or geographic name entry element spoločnosť a politika
Source of heading or term SNKPH
650 07 - SUBJECT ADDED ENTRY--TOPICAL TERM
Topical term or geographic name entry element Society and policy
Source of heading or term SNKPHeng
651 #7 - SUBJECT ADDED ENTRY--GEOGRAPHIC NAME
Geographic name Slovensko
Source of heading or term SNKPHgeo
651 #7 - SUBJECT ADDED ENTRY--GEOGRAPHIC NAME
Geographic name Slovakia
Source of heading or term SNKPHeng
655 #7 - INDEX TERM--GENRE/FORM
Genre/form data or focus term spomienky
Source of term SNKPH
655 #7 - INDEX TERM--GENRE/FORM
Genre/form data or focus term monografie
Source of term SNKPH
655 #7 - INDEX TERM--GENRE/FORM
Genre/form data or focus term Reminiscences
Source of term SNKPHeng
655 #7 - INDEX TERM--GENRE/FORM
Genre/form data or focus term Monographs
Source of term SNKPHeng
910 ## - USER-OPTION DATA (OCLC)
User-option data snk
942 ## - ADDED ENTRY ELEMENTS (KOHA)
Source of classification or shelving scheme Dewey Decimal Classification
Koha item type Odborná literatúra pre dospelých
Suppress in OPAC No
949 ## - LOCAL PROCESSING INFORMATION (OCLC)
6 270001000576864
a svkbbA 159327
b svkbbm 787489
949 ## - LOCAL PROCESSING INFORMATION (OCLC)
6 273K0643955
a svkpoA 243340
b svkpo639979
949 ## - LOCAL PROCESSING INFORMATION (OCLC)
6 2889354832
a savukS 162701
b savuk2019/4721
949 ## - LOCAL PROCESSING INFORMATION (OCLC)
6 17A1413805
a snkSC 187437
b snk2020/804
o 2405/19
s 6100:20200217
949 ## - LOCAL PROCESSING INFORMATION (OCLC)
6 17A1413806
a snkSC 187437 D1
b snk2020/805
o 2405/19
949 ## - LOCAL PROCESSING INFORMATION (OCLC)
6 273K0652892
a svkpoA 244001
b svkpo642087
Holdings
Stav vyradenia Strata Poškodenie Spôsob nadobudnutia Domovská knižnica Aktuálna knižnica Dátum nadobudnutia Total checkouts Čiarový kód exemplára Date last seen Typ exemplára
      Dar Obecná knižnica Turčianska Štiavnička Obecná knižnica Turčianska Štiavnička 26.02.2026   4738000045 26.02.2026 Odborná literatúra pre dospelých
Projekt je podporený Slovenskou asociáciou knižníc
Prevádzkuje Turčianska knižnica Martin 2026